00557 2200229 4500001002100000005001500021035002000036245007800056100001800134250000700152300002500159260003500184082001200219084001800231020001500249600001800264990000900282990000900291990000900300990000900309990000900318INLIS00000000000002120251003083916 a0010-10250000071 aPenerapan Mail Merge dalam aplikasi bisnis & perkantoran /cMardiana Wati0 aMardiana Wati a1. a152 hlm. ;c19,5 cm. aBandung :bYrama Widya,c2006. a005.369 a005.369 MAR p a9795435027 4aMardiana Wati a1497 a1498 a1499 a1500 a1501